| 000 | 00605cam a2200205 4500500 | ||
|---|---|---|---|
| 005 | 20260405002533.0 | ||
| 041 | _afre | ||
| 042 | _adc | ||
| 100 | 1 | 0 |
_aMarkwardt, Nils _eauthor |
| 245 | 0 | 0 | _aAngela Merkel : la politique du “comme si” |
| 260 | _c2017. | ||
| 500 | _a39 | ||
| 690 | _aAllemagne | ||
| 690 | _aÉlections | ||
| 690 | _aMerkel | ||
| 690 | _aPragmatisme | ||
| 690 | _aVaihinger | ||
| 786 | 0 | _nPhilosophie magazine | 113 | 10 | 2017-10-01 | p. 5-5 | 1951-1787 | |
| 856 | 4 | 1 | _uhttps://shs.cairn.info/magazine-philosophie-magazine-2017-10-page-5?lang=fr&redirect-ssocas=7080 |
| 999 |
_c2058648 _d2058648 |
||